00209nam a2200097 4500082001400000100001400014245003800028260001700066300000700083490002100090 a664.3 JAN aJansz,E.R aFacts and Oil : experimental copy aNawalabOUSL a65 aLevel 5 CHU 3237